<?xml version="1.0" encoding="UTF-8"?>
<collection xmlns="http://www.loc.gov/MARC21/slim">
<record>
  <controlfield tag="001">147698</controlfield>
  <controlfield tag="005">20260217205608.0</controlfield>
  <datafield tag="024" ind1="7" ind2=" ">
    <subfield code="2">doi</subfield>
    <subfield code="a">10.1016/j.energy.2024.134164</subfield>
  </datafield>
  <datafield tag="024" ind1="8" ind2=" ">
    <subfield code="2">sideral</subfield>
    <subfield code="a">141114</subfield>
  </datafield>
  <datafield tag="037" ind1=" " ind2=" ">
    <subfield code="a">ART-2024-141114</subfield>
  </datafield>
  <datafield tag="041" ind1=" " ind2=" ">
    <subfield code="a">eng</subfield>
  </datafield>
  <datafield tag="100" ind1=" " ind2=" ">
    <subfield code="a">Lujano-Rojas, Juan M.</subfield>
    <subfield code="u">Universidad de Zaragoza</subfield>
    <subfield code="0">(orcid)0000-0002-5801-0602</subfield>
  </datafield>
  <datafield tag="245" ind1=" " ind2=" ">
    <subfield code="a">Efficient design of a hybrid power system incorporating resource variability</subfield>
  </datafield>
  <datafield tag="260" ind1=" " ind2=" ">
    <subfield code="c">2024</subfield>
  </datafield>
  <datafield tag="506" ind1="0" ind2=" ">
    <subfield code="a">Access copy available to the general public</subfield>
    <subfield code="f">Unrestricted</subfield>
  </datafield>
  <datafield tag="520" ind1="3" ind2=" ">
    <subfield code="a">The optimal design of small-scale energy systems is a critical step in rural electrification projects, offering valuable insights for integrating renewable energy sources on a broader scale. This paper analyzes the sizing of isolated energy systems using the Genghis Khan Shark Optimizer, taking into account the variability of wind and solar resources across diverse scenario groups to enhance computational efficiency. Specifically, three scenario sets were utilized: training, validation, and testing. The training set was applied to assess the objective function across all optimization agents, while the validation set was used to independently evaluate the performance of the agent with the highest fitness score. Finally, the testing set was employed to verify the performance of the accepted solution. By selecting a limited number of scenarios for the training set and a moderate number for the validation and testing sets, we reduced the computational load associated with analyzing the entire population, allowing for greater focus on the most promising agent identified at each iteration. Results from a case study revealed that the proposed method identified an energy system configuration 8.05 % better than the configuration obtained using a genetic algorithm.</subfield>
  </datafield>
  <datafield tag="536" ind1=" " ind2=" ">
    <subfield code="9">info:eu-repo/grantAgreement/ES/AEI/PID2021-123172OB-I00</subfield>
    <subfield code="9">info:eu-repo/grantAgreement/EUR/AEI/TED2021-129801B-I00</subfield>
  </datafield>
  <datafield tag="540" ind1=" " ind2=" ">
    <subfield code="9">info:eu-repo/semantics/openAccess</subfield>
    <subfield code="a">by</subfield>
    <subfield code="u">https://creativecommons.org/licenses/by/4.0/deed.es</subfield>
  </datafield>
  <datafield tag="590" ind1=" " ind2=" ">
    <subfield code="a">9.4</subfield>
    <subfield code="b">2024</subfield>
  </datafield>
  <datafield tag="591" ind1=" " ind2=" ">
    <subfield code="a">THERMODYNAMICS</subfield>
    <subfield code="b">3 / 79 = 0.038</subfield>
    <subfield code="c">2024</subfield>
    <subfield code="d">Q1</subfield>
    <subfield code="e">T1</subfield>
  </datafield>
  <datafield tag="591" ind1=" " ind2=" ">
    <subfield code="a">ENERGY &amp; FUELS</subfield>
    <subfield code="b">31 / 182 = 0.17</subfield>
    <subfield code="c">2024</subfield>
    <subfield code="d">Q1</subfield>
    <subfield code="e">T1</subfield>
  </datafield>
  <datafield tag="592" ind1=" " ind2=" ">
    <subfield code="a">2.211</subfield>
    <subfield code="b">2024</subfield>
  </datafield>
  <datafield tag="593" ind1=" " ind2=" ">
    <subfield code="a">Building and Construction</subfield>
    <subfield code="c">2024</subfield>
    <subfield code="d">Q1</subfield>
  </datafield>
  <datafield tag="593" ind1=" " ind2=" ">
    <subfield code="a">Civil and Structural Engineering</subfield>
    <subfield code="c">2024</subfield>
    <subfield code="d">Q1</subfield>
  </datafield>
  <datafield tag="593" ind1=" " ind2=" ">
    <subfield code="a">Electrical and Electronic Engineering</subfield>
    <subfield code="c">2024</subfield>
    <subfield code="d">Q1</subfield>
  </datafield>
  <datafield tag="593" ind1=" " ind2=" ">
    <subfield code="a">Management, Monitoring, Policy and Law</subfield>
    <subfield code="c">2024</subfield>
    <subfield code="d">Q1</subfield>
  </datafield>
  <datafield tag="593" ind1=" " ind2=" ">
    <subfield code="a">Energy Engineering and Power Technology</subfield>
    <subfield code="c">2024</subfield>
    <subfield code="d">Q1</subfield>
  </datafield>
  <datafield tag="593" ind1=" " ind2=" ">
    <subfield code="a">Fuel Technology</subfield>
    <subfield code="c">2024</subfield>
    <subfield code="d">Q1</subfield>
  </datafield>
  <datafield tag="593" ind1=" " ind2=" ">
    <subfield code="a">Industrial and Manufacturing Engineering</subfield>
    <subfield code="c">2024</subfield>
    <subfield code="d">Q1</subfield>
  </datafield>
  <datafield tag="593" ind1=" " ind2=" ">
    <subfield code="a">Energy (miscellaneous)</subfield>
    <subfield code="c">2024</subfield>
    <subfield code="d">Q1</subfield>
  </datafield>
  <datafield tag="594" ind1=" " ind2=" ">
    <subfield code="a">16.5</subfield>
    <subfield code="b">2024</subfield>
  </datafield>
  <datafield tag="655" ind1=" " ind2="4">
    <subfield code="a">info:eu-repo/semantics/article</subfield>
    <subfield code="v">info:eu-repo/semantics/publishedVersion</subfield>
  </datafield>
  <datafield tag="700" ind1=" " ind2=" ">
    <subfield code="a">Dufo-López, Rodolfo</subfield>
    <subfield code="u">Universidad de Zaragoza</subfield>
    <subfield code="0">(orcid)0000-0002-1490-6423</subfield>
  </datafield>
  <datafield tag="700" ind1=" " ind2=" ">
    <subfield code="a">Artal-Sevil, Jesús Sergio</subfield>
    <subfield code="u">Universidad de Zaragoza</subfield>
    <subfield code="0">(orcid)0000-0001-7764-235X</subfield>
  </datafield>
  <datafield tag="700" ind1=" " ind2=" ">
    <subfield code="a">García-Paricio, Eduardo</subfield>
  </datafield>
  <datafield tag="710" ind1="2" ind2=" ">
    <subfield code="1">5009</subfield>
    <subfield code="2">535</subfield>
    <subfield code="a">Universidad de Zaragoza</subfield>
    <subfield code="b">Dpto. Ingeniería Eléctrica</subfield>
    <subfield code="c">Área Ingeniería Eléctrica</subfield>
  </datafield>
  <datafield tag="773" ind1=" " ind2=" ">
    <subfield code="g">313 (2024), 134164 [18 pp.]</subfield>
    <subfield code="p">Energy</subfield>
    <subfield code="t">Energy</subfield>
    <subfield code="x">0360-5442</subfield>
  </datafield>
  <datafield tag="856" ind1="4" ind2=" ">
    <subfield code="s">8395807</subfield>
    <subfield code="u">http://zaguan.unizar.es/record/147698/files/texto_completo.pdf</subfield>
    <subfield code="y">Versión publicada</subfield>
  </datafield>
  <datafield tag="856" ind1="4" ind2=" ">
    <subfield code="s">2623432</subfield>
    <subfield code="u">http://zaguan.unizar.es/record/147698/files/texto_completo.jpg?subformat=icon</subfield>
    <subfield code="x">icon</subfield>
    <subfield code="y">Versión publicada</subfield>
  </datafield>
  <datafield tag="909" ind1="C" ind2="O">
    <subfield code="o">oai:zaguan.unizar.es:147698</subfield>
    <subfield code="p">articulos</subfield>
    <subfield code="p">driver</subfield>
  </datafield>
  <datafield tag="951" ind1=" " ind2=" ">
    <subfield code="a">2026-02-17-20:47:43</subfield>
  </datafield>
  <datafield tag="980" ind1=" " ind2=" ">
    <subfield code="a">ARTICLE</subfield>
  </datafield>
</record>
</collection>